01001 a2200169 4500003000500000005001700005010001700022020002800039040000900067082001700076100001700093245008000110260005900190300003500249505051300284650003400797Nust20220818081701.0 a 2004044419 a0131465112 (alk. paper) cNust00a621.3822,HAR1 aHarris, Fred10aMultirate signal processing for communication systems /cFredric J. Harris. aUpper Saddle River, N.J. :bPrentice Hall PTR,cc2004. axiii, 478 p. :bill. ;c24 cm. aWhy Multirate Filters? (Page-1), The Resampling Process (Page-13), Digital Filters (Page-39), Useful Classes of Filters (Page-81), Systems That Use Resampling Filters (Page-107), Polyphase FIR Filters (Page-127), Resampling Filters(Page-153), Half-band Filters (Page-201), Polyphase Channelizers (Page-225), Recursive Polyphase Filters (Page-257), Cascade Integrator Comb Filters (Page-325), Cascade and Multiple Stage Filter Structures (Page-369), Communication Systems Applications (Page-395). 0aTelecommunication engineering